Europe General Knowledge by Picture - Statistics

General Stats
  • This quiz has been taken 441 times
    361 since last reset
  • The average score is 13 of 20
Answer Stats
Picture Hint Answer % Correct
Food Pizza
98%
City London
96%
Landmark Eiffel Tower
95%
Landmark Leaning Tower of Pisa
84%
Country Switzerland
82%
Country United Kingdom
82%
Country Denmark
81%
Car Ferrari
81%
Car Volkswagen
79%
Landmark Musée du Louvre
75%
Mountain range Alps
72%
Event Oktoberfest
71%
Country Italy
68%
Body of water {Adriatic} Sea
43%
Island Santorini
43%
River Rhine
37%
Landmark Sagrada Familia
37%
Landmark St. {Basil's} Cathedral
32%
Historical empire Byzantine Empire
26%
Greek God Apollo
19%
No matching quizzes found
Score Distribution
Percent of People with Each Score
Percentile by Number Answered
Your Score History
You have not taken this quiz since the last reset